[Event "Gelsenkirchen Silvester op 1st"]
[Site "Gelsenkirchen"]
[Date "2013.12.27"]
[Round "1"]
[White "Oberst, Alfred"]
[Black "Seppelfricke, Guido"]
[Result "0-1"]
[WhiteElo "1238"]
[BlackElo "1916"]
[PlyCount "86"]
[EventDate "2013.12.27"]
[EventType "swiss"]
[EventRounds "5"]
[EventCountry "GER"]
[SourceTitle "EXT 2019"]
[Source "ChessBase"]
[SourceDate "2018.10.10"]
[SourceVersion "1"]
[SourceVersionDate "2018.10.10"]
[SourceQuality "1"]

1. b3 c5 2. Bb2 Nc6 3. g3 d6 4. Bg2 Nf6 5. Bxc6+ bxc6 6. Bxf6 gxf6 7. e3 Bg7 8. c3 Ba6 9. Qg4 Kf8 10. Qf3 Qb6 11. c4 Rd8 12. Nc3 e6 13. Na4 Qc7 14. Qf4 Qe7 15. Rd1 d5 16. d3 e5 17. Qf3 Qc7 18. Nxc5 Qa5+ 19. Rd2 Qxc5 20. d4 exd4 21. exd4 Qe7+ 22. Re2 Qb4+ 23. Kf1 dxc4 24. Qxc6 Qb6 25. Qa4 cxb3 26. Qa3+ Kg8 27. axb3 Rxd4 28. Kg2 Qc6+ 29. Kh3 Bxe2 30. Nxe2 Qe6+ 31. Kg2 Qe4+ 32. Kh3 Qxe2 33. Rc1 Qe6+ 34. Kg2 Rd5 35. Kf1 h5 36. Re1 Re5 37. Rd1 h4 38. Rd8+ Kh7 39. Rd1 Re8 40. Qc1 h3 41. Qc2+ Kg8 42. f4 Re1+ 43. Kf2 Qe3# 0-1